| 000 | 01093cam a2200313 4500 | ||
|---|---|---|---|
| 008 | 011019n2003 000 0 eng u | ||
| 020 | _a0632059281 | ||
| 035 | _a(Sirsi) u115223 | ||
| 041 | _aeng. | ||
| 050 |
_a690 _c18 |
||
| 100 |
_aMurray, Mike _xEditor |
||
| 245 | _aConstruction reports 1944-98 | ||
| 260 |
_aOxford _bBlackwell _c2003 |
||
| 300 |
_axvi, 224p. _c26cm. |
||
| 350 | _a49.50 | ||
| 520 | _aDocuments how government, through influential reports, has sought to shape the performance and attitudes of parties to the construction industry. It provides a critical review of the 12 most significant, and offers a critique on these for researchers of construction management, government and economics. | ||
| 650 | _aCONSTRUCTION INDUSTRY | ||
| 650 | _aGOVERNMENT | ||
| 650 | _aLATHAM REFORMS | ||
| 650 | _aSIMON COMMITTEE REPORT | ||
| 650 | _aPHILLIPS REPORT ON BUILDING | ||
| 650 | _aBANWELL REPORT | ||
| 650 | _aWOOD REPORT | ||
| 650 | _aNEDO | ||
| 650 | _aEGAN REFORMS | ||
| 690 | _aBUILT ENVIRONMENT | ||
| 700 |
_aLangford, David _xEditor |
||
| 942 | _n0 | ||
| 999 |
_c101736 _d101736 |
||